000 00893nas a2200289 4500
001 BR2010003622
003 BR-BrBNA
005 20231205114608.0
007 ta
008 230509b bl.|||p| |||| 00| 00por d
040 _aBR-BrBNA
_bpor
_cBiblioteca Nacional de Agricultura
041 _a(En)
072 _aL72
100 1 _aCunha, N.C. da
100 1 _aRangel, C.P.
100 1 _aPiranda, E.M.
100 1 _aRezende, J. de
100 1 _aTeixeira, R.C.
100 1 _aFonseca, A.H. da
245 1 _aAssessment of weight gain and biological parameters of Rhipicephalus sanguineus females fed artificially via capillary tubes
650 _aCARRAPATO
650 _aPRAGA DE ANIMAL
650 _aBIOLOGIA
773 0 _tCiência Rural (Brazil)
_xISSN 0103-8478
_g(Apr 2010), v. 40(4) p. 928-933
_wBR2010003622
909 _a202311
_bLúcia
_c55
_dLúcia Elande
942 _2AGRIS
_n0
_cANA
999 _c209491
_d209491